Statistics for State by Indian Tribe

Click here to take the quiz!

General Stats

  • This quiz has been taken 337 times
  • The average score is 13 of 50

Answer Stats

TribeState% Correct
IowayIowa
83%
Native HawaiiansHawaii
75%
AlabamaAlabama
74%
MissouriaMissouri
73%
AleutAlaska
63%
CheyenneWyoming
61%
SiouxSouth Dakota
58%
IlliniIllinois
55%
MojaveCalifornia
52%
YumaArizona
50%
BiloxiMississippi
49%
ErieOhio
45%
ApacheNew Mexico
35%
MohawkNew York
35%
Nez PerceIdaho
30%
WichitaOklahoma
29%
NarragansettRhode Island
28%
IroquoisPennsylvania
25%
UteColorado
23%
CoahuiltecoTexas
22%
WampanoagMassachusetts
20%
CrowMontana
20%
PuyallupWashington
19%
CreekGeorgia
18%
OjibweMinnesota
18%
MiamiIndiana
17%
PenobscotMaine
17%
KiowaKansas
16%
PowhatanMaryland
14%
PawneeNebraska
13%
ChickasawTennessee
13%
PotawatomiMichigan
12%
ShoshoneNevada
11%
Northern PaiuteOregon
11%
ShawneeKentucky
10%
CherokeeWest Virginia
10%
CatawbaNorth Carolina
9%
AssiniboineNorth Dakota
9%
HochunkWisconsin
9%
ChoctawLouisiana
8%
AbenakiVermont
7%
TimucuaFlorida
6%
PennacookNew Hampshire
6%
QuapawArkansas
5%
NanticokeDelaware
4%
CusaboSouth Carolina
4%
GoshuteUtah
4%
QuiripiConnecticut
3%
UnamiNew Jersey
3%
Tutelo and SaponiVirginia
3%

Score Distribution

Percentile by Number Answered

Percent of People with Each Score

Your Score History

You have not taken this quiz